| 000 | 00614nam a22001817a 4500 | ||
|---|---|---|---|
| 999 |
_c177231 _d177231 |
||
| 005 | 20210215164608.0 | ||
| 010 | _aENG-128975 | ||
| 020 |
_c750.00 _a978-93-86473-91-2 |
||
| 035 | _aEN-112507 | ||
| 037 | _bDBAD/PUB | ||
| 082 | _a323.0954 | ||
| 100 | _aMishra, Lakshmidhar | ||
| 245 |
_aBondage: Human Rights and Development/ _cLakshmidhar Mishra |
||
| 260 |
_aNew Delhi _bVitasta Publishing Pvt. Ltd. _c2020 |
||
| 270 |
_bNew Delhi _a2/15, Ansari Roaad, Daryaganj _e110002 _minfo@vitastapublishing.com |
||
| 300 |
_axxiii+403p. _c22cm(hbk) _bincluding index. |
||
| 942 |
_2ddc _cEN _h323.0954 _mMIS |
||